Statistics for Dallas Mavericks Trivia

Click here to take the quiz!

General Stats

  • This quiz has been taken 1,518 times
    (365 since last reset)
  • The average score is 8 of 9

Answer Stats

HintAnswer% Correct
The Mavericks' all-time leading scorerDirk Nowitzki
100%
Current player who has averaged more than 25 points per game since joining
the team in 2018
Luka Dončić
99%
All-star point guard who joined the team in late 2023Kyrie Irving
97%
Country which that player came fromGermany
95%
Owner of the MavericksMark Cuban
93%
Team that the Mavericks defeated in the 2011 NBA finalsMiami Heat
93%
Country which that player came fromSlovenia
93%
Current head coachJason Kidd
79%
7'3" former player with huge ears who was a villain in "John Wick 3"Boban Marjanović
76%

Score Distribution

Percentile by Number Answered

Percent of People with Each Score

Your Score History

You have not taken this quiz since the last reset